| 000 | 00636nam a2200253 a 4500 | ||
|---|---|---|---|
| 001 | adlib96000001 | ||
| 003 | ViArRB | ||
| 005 | 200902210153555.7 | ||
| 008 | 960221s1955 dcuabcdjdbkoqu001 0deng d | ||
| 020 | _a | ||
| 022 | _a | ||
| 040 | _aAdlib | ||
| 082 | _a89M-2 | ||
| 245 | _aSuprabha | ||
| 250 | _a | ||
| 260 |
_aQuilon _bS.T.Reddiar and sons _c1952 |
||
| 300 |
_a124p _c |
||
| 500 | _a | ||
| 100 |
_aparamupilla Munsi _e |
||
| 700 |
_a _a |
||
| 942 | _cBK | ||
| 653 | _aDrama - Malayalam Literature | ||
| 952 |
_w2010-06-19 _pH0003938 _r2010-06-19 _40 _00 _bUL _10 _o89M-2 PARM/S.2 _d2010-06-19 _70 _yBK _aUL |
||
| 999 |
_c61829 _d61828 |
||